| 000 | 00590cam a22002291 4500 | ||
|---|---|---|---|
| 001 | sa 66002151 | ||
| 003 | DLC | ||
| 005 | 20260227112227.0 | ||
| 008 | 890711s1965 ii b 000 0 hino | ||
| 010 | _asa 66002151 | ||
| 035 | _a(OCoLC)19990937 | ||
| 040 |
_aDLC _cWaU _dDLC |
||
| 042 | _apremarc | ||
| 050 | 0 | 0 |
_aPK1939 _b.J5 |
| 100 | 1 |
_aJhārī, Kr̥shṇadeva, _d1927- |
|
| 245 | 1 | 0 | _aRasa-śāstra aura sāhitya-samīkshā. |
| 260 | _c[1965] | ||
| 300 |
_a236 p. _c22 cm. |
||
| 500 | _aIn Hindi. | ||
| 504 | _aBibliographical footnotes. | ||
| 650 | 0 |
_aHindi language _xRhetoric. |
|
| 999 |
_c68178 _d68178 |
||